| 000 | 00434nam a22000977a 4500 | ||
|---|---|---|---|
| 008 | 171002b xxu||||| |||| 00| 0 eng d | ||
| 100 | _aKeystone Federation of Stamp Clubs | ||
| 245 | _aPennsylvania on stamps | ||
| 260 |
_aLock Haven, PA _bKeystone Federation of Stamp Clubs _c1987 |
||
| 650 | _aUnited States -- Pennsylvania | Topical Collecting -- History | Topical Collecting -- Famous People | First Days | Educational Aspects of Collecting | ||
| 999 |
_c2502 _d2502 |
||